Effect of cytokinins on in vitro germination of Hevea somatic embryos (Record no. 52521)

MARC details
000 -LEADER
fixed length control field 00632nam a2200181Ia 4500
100 ## - MAIN ENTRY--AUTHOR NAME
Personal name Jayasree P.K.
245 #0 - TITLE STATEMENT
Title Effect of cytokinins on in vitro germination of Hevea somatic embryos
260 ## - PUBLICATION, DISTRIBUTION, ETC. (IMPRINT)
Name of publisher In: Biotechnology and rubber tree: Proceedings of IRRDB Symposium, 25-28 September 2001, CIRAD, Montpellier, France, pp. 106-109.
Year of publication 2001
650 ## - SUBJECT ADDED ENTRY--TOPICAL TERM
Topical Term Cytokinin effect
650 ## - SUBJECT ADDED ENTRY--TOPICAL TERM
Topical Term Embryo germination
650 ## - SUBJECT ADDED ENTRY--TOPICAL TERM
Topical Term Embryo induction
650 ## - SUBJECT ADDED ENTRY--TOPICAL TERM
Topical Term Plant regeneration
650 ## - SUBJECT ADDED ENTRY--TOPICAL TERM
Topical Term Somatic embryogenesis
700 ## - ADDED ENTRY--PERSONAL NAME
Personal name Sunitha S.S.
700 ## - ADDED ENTRY--PERSONAL NAME
Personal name Thulaseedharan A.
942 ## - ADDED ENTRY ELEMENTS (KOHA)
Koha item type Bibliography STAF
Holdings
Withdrawn status Lost status Damaged status Not for loan Home library Current library Date acquired Koha item type
      Bibliography RRII Library RRII Library 09/04/2014 Bibliography STAF